[Event "34. Abierto Collado Villalba 2017 - B"]
[Site "Collado Villalba ESP"]
[Date "2017.08.22"]
[Round "1.21"]
[White "Ramirez Ocaña, Eneas"]
[Black "Marivela Santos, Juan Carlos"]
[Result "0-1"]
[WhiteElo "1385"]
[BlackElo "1716"]
[PlyCount "102"]
[EventDate "2017.08.22"]
[EventType "swiss"]
[EventRounds "9"]
[EventCountry "ESP"]
[SourceTitle "Ajedrez en Madrid"]
[Source "lmi"]
[SourceDate "2017.08.22"]
[SourceVersion "1"]
[SourceVersionDate "2017.08.31"]
[SourceQuality "1"]

1. e4 c6 2. d4 d5 3. e5 Bf5 4. Nc3 e6 5. g4 Bg6 6. Nge2 Bb4 7. Bd2 Ne7 8. h4 h5
9. Nf4 hxg4 10. Nxg6 Nxg6 11. Qxg4 Rxh4 12. Rxh4 Qxh4 13. Qxh4 Nxh4 14. O-O-O
Nf5 15. Be1 Nd7 16. Bh3 Ne7 17. a3 Bxc3 18. Bxc3 O-O-O 19. Bb4 Ng6 20. Rg1 Nf4
21. Bf1 g6 22. Rh1 Nh5 23. Be2 Rh8 24. Bxh5 Rxh5 25. Rxh5 gxh5 26. Kd1 Kd8 27.
Ke2 f6 28. f4 Ke8 29. Kf3 Kf7 30. b3 Kg6 31. Be1 Kf5 32. Bh4 fxe5 33. fxe5 Nf8
34. c4 Ng6 35. Bf2 Nf4 36. Bg3 Nh3 37. Be1 Ng5+ 38. Ke3 Kg4 39. Kf2 h4 40. Kg2
h3+ 41. Kh1 Nf3 42. Bc3 Kf4 43. cxd5 cxd5 44. b4 Ke4 45. b5 Nxd4 46. Bxd4 Kxd4
47. Kh2 Kxe5 48. Kxh3 Ke4 49. Kg2 d4 50. Kf1 Kd3 51. Ke1 Kc2 0-1

[Event "34. Abierto Collado Villalba 2017 - B"]
[Site "Collado Villalba ESP"]
[Date "2017.08.22"]
[Round "1.22"]
[White "Leniz Martinez, Francisco"]
[Black "Perez Rodrigo, Alicia"]
[Result "1-0"]
[WhiteElo "1710"]
[BlackElo "1377"]
[PlyCount "79"]
[EventDate "2017.08.22"]
[EventType "swiss"]
[EventRounds "9"]
[EventCountry "ESP"]
[SourceTitle "Ajedrez en Madrid"]
[Source "lmi"]
[SourceDate "2017.08.22"]
[SourceVersion "1"]
[SourceVersionDate "2017.08.31"]
[SourceQuality "1"]

1. c4 e5 2. Nc3 Nf6 3. g3 Be7 4. Bg2 c6 5. Nf3 Qc7 6. d3 d5 7. cxd5 cxd5 8. Nd2
Be6 9. O-O a6 10. Qa4+ Nc6 11. a3 O-O 12. Re1 Rfd8 13. Nf1 b5 14. Qd1 Rac8 15.
Bd2 h6 16. b4 Qb6 17. h3 a5 18. bxa5 Nxa5 19. Rb1 Bd7 20. Nxb5 Qa6 21. a4 Bxb5
22. Rxb5 Nb7 23. Qb1 Nc5 24. a5 Rd7 25. Rc1 Rdc7 26. Rb6 Qa7 27. Ne3 Na4 28.
Rxc7 Rxc7 29. Rb8+ Kh7 30. Nxd5 Nxd5 31. Bxd5 Ba3 32. Rb7 Rxb7 33. Bxb7 Nc5 34.
d4+ g6 35. dxc5 Bxc5 36. e3 Kg7 37. a6 Bb6 38. Qe4 f6 39. Qd5 Kh8 40. Qf7 1-0

[Event "34. Abierto Collado Villalba 2017 - B"]
[Site "Collado Villalba ESP"]
[Date "2017.08.22"]
[Round "1.23"]
[White "Garcia Prada, Guillermo"]
[Black "Perez Suchan, Saul Mario"]
[Result "0-1"]
[WhiteElo "1375"]
[BlackElo "1668"]
[PlyCount "133"]
[EventDate "2017.08.22"]
[EventType "swiss"]
[EventRounds "9"]
[EventCountry "ESP"]
[SourceTitle "Ajedrez en Madrid"]
[Source "lmi"]
[SourceDate "2017.08.22"]
[SourceVersion "1"]
[SourceVersionDate "2017.08.31"]
[SourceQuality "1"]

1. e4 c6 2. Nc3 d5 3. Nf3 dxe4 4. Nxe4 Bf5 5. Ng3 Bc8 6. d4 e6 7. Bd3 Nf6 8.
Bf4 c5 9. dxc5 Bxc5 10. O-O Nc6 11. c3 Nd5 12. Be5 Nxe5 13. Nxe5 O-O 14. Ne4
Be7 15. Bc2 Nf6 16. Nxf6+ Bxf6 17. Qh5 g6 18. Qe2 Qc7 19. Ng4 Bg7 20. Rfe1 b6
21. Rad1 Bb7 22. Ba4 Rad8 23. h3 Qf4 24. Bb3 Qg5 25. Qe3 Qxe3 26. Nxe3 Bf6 27.
Ng4 Be7 28. Ne5 Kg7 29. f4 Bh4 30. Re3 Rxd1+ 31. Bxd1 Rd8 32. Bf3 Bg3 33. Nd3
Ba6 34. Be2 Bxd3 35. Rxd3 Rxd3 36. Bxd3 Bxf4 37. Kf2 Bc1 38. b3 Bb2 39. c4 f5
40. Kf3 e5 41. Bc2 a5 42. Bb1 Kf6 43. g4 Bc1 44. Bc2 e4+ 45. Ke2 Ke5 46. Kd1
Be3 47. Ke2 f4 48. Bb1 Bc5 49. Bc2 f3+ 50. Kf1 Kf4 51. Ke1 e3 52. Bd3 Kg3 53.
Be4 f2+ 54. Kf1 Kxh3 55. Bf3 Kh4 56. Kg2 h5 57. gxh5 gxh5 58. Kf1 Kg5 59. Kg2
h4 60. Be2 Kf4 61. Kh3 Be7 62. Kg2 Ke4 63. Bg4 Kd3 64. a4 Bc5 65. Kf1 h3 66.
Bf3 h2 67. Bd5 0-1

[Event "34. Abierto Collado Villalba 2017 - B"]
[Site "Collado Villalba ESP"]
[Date "2017.08.22"]
[Round "1.24"]
[White "Cujba, Anca-Claudia"]
[Black "Rufo Yebra, Benito"]
[Result "0-1"]
[WhiteElo "1664"]
[BlackElo "1363"]
[PlyCount "74"]
[EventDate "2017.08.22"]
[EventType "swiss"]
[EventRounds "9"]
[EventCountry "ESP"]
[SourceTitle "Ajedrez en Madrid"]
[Source "lmi"]
[SourceDate "2017.08.22"]
[SourceVersion "1"]
[SourceVersionDate "2017.08.31"]
[SourceQuality "1"]

1. e4 e6 2. c4 d6 3. d4 Be7 4. Nc3 Nc6 5. Nf3 h6 6. Bd3 Bg5 7. Nxg5 hxg5 8. Be3
b6 9. Rc1 Bb7 10. Qa4 Qd7 11. Bb1 g4 12. O-O Rh5 13. Rfd1 Nce7 14. Qc2 Nh6 15.
Qe2 O-O-O 16. Bxh6 gxh6 17. Qxg4 Rg5 18. Qe2 Ng6 19. Qe3 Nh4 20. g3 e5 21. f4
Qh3 22. Rc2 exf4 23. Qxf4 f5 24. d5 Ng6 25. Qe3 Ne5 26. exf5 Rxf5 27. Rf2 Rxf2
28. Qxf2 Kb8 29. Bf5 Qh5 30. Rd4 Nf3+ 31. Kf1 Nxd4 32. Be6 Nxe6 33. dxe6 Qh3+
34. Kg1 Qxe6 35. b3 Re8 36. h4 Qh3 37. Nd5 Rg8 0-1

[Event "34. Abierto Collado Villalba 2017 - B"]
[Site "Collado Villalba ESP"]
[Date "2017.08.22"]
[Round "1.25"]
[White "Rapaport, Andres Natalio"]
[Black "Muñoz Morato, Miguel"]
[Result "0-1"]
[WhiteElo "1362"]
[BlackElo "1659"]
[PlyCount "66"]
[EventDate "2017.08.22"]
[EventType "swiss"]
[EventRounds "9"]
[EventCountry "ESP"]
[SourceTitle "Ajedrez en Madrid"]
[Source "lmi"]
[SourceDate "2017.08.22"]
[SourceVersion "1"]
[SourceVersionDate "2017.08.31"]
[SourceQuality "1"]

1. d4 Nf6 2. Nf3 d5 3. Bf4 e6 4. e3 c5 5. c3 Nc6 6. Bd3 Bd7 7. Nbd2 a6 8. b3 b5
9. c4 Nb4 10. Be2 Qb6 11. Ne5 cxd4 12. O-O Bc5 13. exd4 Bxd4 14. Rc1 Nxa2 15.
Rc2 Nc3 16. Re1 Nxe2+ 17. Qxe2 O-O 18. Ndf3 Bxe5 19. Nxe5 bxc4 20. bxc4 dxc4
21. Nxd7 Nxd7 22. Rxc4 Qb5 23. Qa2 Nb6 24. Rc2 Nd5 25. Rc4 Nxf4 26. Rxf4 Rfb8
27. g3 a5 28. Rfe4 a4 29. Rc1 h6 30. Rc7 a3 31. Rxe6 Qb1+ 32. Qxb1 Rxb1+ 33.
Kg2 fxe6 0-1

[Event "34. Abierto Collado Villalba 2017 - B"]
[Site "Collado Villalba ESP"]
[Date "2017.08.22"]
[Round "1.26"]
[White "Carrasco Coquillat, Jorge"]
[Black "Olmedo Alvarez, Jesus"]
[Result "1-0"]
[WhiteElo "1654"]
[BlackElo "1361"]
[PlyCount "59"]
[EventDate "2017.08.22"]
[EventType "swiss"]
[EventRounds "9"]
[EventCountry "ESP"]
[SourceTitle "Ajedrez en Madrid"]
[Source "lmi"]
[SourceDate "2017.08.22"]
[SourceVersion "1"]
[SourceVersionDate "2017.08.31"]
[SourceQuality "1"]

1. c4 f5 2. b3 e6 3. Bb2 Nf6 4. g3 Be7 5. Bg2 c6 6. d4 d5 7. Nd2 O-O 8. e3 Nbd7
9. Ne2 Ne4 10. Nxe4 fxe4 11. O-O Nf6 12. c5 Bd7 13. b4 Be8 14. Qb3 Bh5 15. Nf4
Qd7 16. a4 g5 17. Nxh5 Nxh5 18. Bc3 Rf6 19. h3 Rh6 20. b5 Rf8 21. bxc6 bxc6 22.
Rab1 Qe8 23. Qb7 Ng7 24. Qxa7 Nf5 25. Rb7 g4 26. hxg4 Bf6 27. gxf5 Qh5 28. Rfb1
Qh2+ 29. Kf1 Bg5 30. Rg7+ 1-0

[Event "34. Abierto Collado Villalba 2017 - B"]
[Site "Collado Villalba ESP"]
[Date "2017.08.22"]
[Round "1.27"]
[White "Martin Rodriguez, Jose Luis"]
[Black "Suarez Prieto, Leopoldo"]
[Result "1-0"]
[WhiteElo "1291"]
[BlackElo "1648"]
[PlyCount "116"]
[EventDate "2017.08.22"]
[EventType "swiss"]
[EventRounds "9"]
[EventCountry "ESP"]
[SourceTitle "Ajedrez en Madrid"]
[Source "lmi"]
[SourceDate "2017.08.22"]
[SourceVersion "1"]
[SourceVersionDate "2017.08.31"]
[SourceQuality "1"]

1. c4 e5 2. Nc3 c6 3. Nf3 Qc7 4. d3 a6 5. a4 Bc5 6. g3 h6 7. Bg2 Nf6 8. O-O d6
9. Rb1 Be6 10. b4 Ba7 11. Be3 Bxe3 12. fxe3 Qe7 13. Nd2 h5 14. Nde4 Nbd7 15.
Nxf6+ Nxf6 16. Ne4 h4 17. Nxf6+ gxf6 18. Qe1 f5 19. e4 Qg5 20. Rf3 h3 21. Bh1
f4 22. Kf2 Bg4 23. Qg1 Bxf3 24. Bxf3 O-O-O 25. gxf4 Qxf4 26. Qg4+ Qxg4 27.
Bxg4+ Kc7 28. Rg1 Rdg8 29. Rg3 Rh4 30. Bxh3 Rxg3 31. Kxg3 Rh8 32. Bf5 c5 33. b5
axb5 34. axb5 b6 35. h3 Kd8 36. h4 f6 37. Bg4 Ke7 38. h5 Kf7 39. Kh4 Kg7 40.
Bf3 Kh6 41. Bg4 Rg8 42. Kg3 Kg5 43. Bf3 Ra8 44. Bg4 Ra1 45. Bf3 f5 46. exf5
Kxf5 47. Be4+ Kg5 48. Bf3 Rc1 49. Kf2 Kf4 50. h6 Ra1 51. h7 e4 52. h8=Q exf3
53. exf3 Ra2+ 54. Kf1 Kxf3 55. Qh3+ Kf4 56. Qh4+ Ke3 57. Qe4+ Kd2 58. Qg2+ Kxd3
1-0

[Event "34. Abierto Collado Villalba 2017 - B"]
[Site "Collado Villalba ESP"]
[Date "2017.08.22"]
[Round "1.28"]
[White "Criado Riesgo, Manuel"]
[Black "Andrade Sandoval, Marian"]
[Result "1/2-1/2"]
[WhiteElo "1646"]
[BlackElo "1222"]
[PlyCount "64"]
[EventDate "2017.08.22"]
[EventType "swiss"]
[EventRounds "9"]
[EventCountry "ESP"]
[SourceTitle "Ajedrez en Madrid"]
[Source "lmi"]
[SourceDate "2017.08.22"]
[SourceVersion "1"]
[SourceVersionDate "2017.08.31"]
[SourceQuality "1"]

1. d4 Nf6 2. c4 e6 3. Nc3 d5 4. Bg5 Nbd7 5. e3 c6 6. Nf3 Bd6 7. Bd3 dxc4 8.
Bxc4 b5 9. Bd3 Bb7 10. Rc1 Rc8 11. e4 e5 12. O-O O-O 13. Qb3 exd4 14. Nxd4 Nc5
15. Qc2 Be5 16. Be3 Bxd4 17. Bxd4 Qxd4 18. Rfd1 Qe5 19. Be2 Rcd8 20. f3 Qf4 21.
g3 Qc7 22. Rxd8 Rxd8 23. Nxb5 cxb5 24. Qxc5 Qxc5+ 25. Rxc5 a6 26. Rc7 Rb8 27.
a4 bxa4 28. Bc4 Kh8 29. Bxf7 h6 30. e5 Nd5 31. Rd7 Nb6 32. e6 Nd5 1/2-1/2

[Event "34. Abierto Collado Villalba 2017 - B"]
[Site "Collado Villalba ESP"]
[Date "2017.08.22"]
[Round "1.29"]
[White "Gijon Molina, Carlos"]
[Black "Barranco Martinez, Gabriel"]
[Result "0-1"]
[WhiteElo "1189"]
[BlackElo "1640"]
[PlyCount "86"]
[EventDate "2017.08.22"]
[EventType "swiss"]
[EventRounds "9"]
[EventCountry "ESP"]
[SourceTitle "Ajedrez en Madrid"]
[Source "lmi"]
[SourceDate "2017.08.22"]
[SourceVersion "1"]
[SourceVersionDate "2017.08.31"]
[SourceQuality "1"]

1. d3 e5 2. c4 Nf6 3. Nc3 Nc6 4. g3 Bb4 5. Bd2 O-O 6. Bg2 Re8 7. Nf3 d6 8. Qc2
Bd7 9. O-O a6 10. e4 Bc5 11. Bg5 Bg4 12. Nd5 Bxf3 13. Bxf3 Nd4 14. Qd1 c6 15.
Nxf6+ gxf6 16. Bh4 Ne6 17. Bh5 Qe7 18. Qd2 Kh8 19. Qh6 Ng5 20. Kg2 Rg8 21. f4
exf4 22. Rxf4 Bd4 23. Bxg5 Rxg5 24. h4 Rg7 25. Rg4 Rxg4 26. Bxg4 Rg8 27. Bf5
Rg7 28. Rf1 Qe5 29. Rf4 Be3 30. Bxh7 Qxf4 31. Qxf4 Bxf4 32. Kf3 Bxg3 33. Bf5 b6
34. h5 Be5 35. b3 Rg3+ 36. Ke2 Rg2+ 37. Kf3 Rxa2 38. h6 Rb2 39. h7 Rxb3 40. Ke3
a5 41. Kd2 a4 42. Kc2 Rb2+ 43. Kc1 a3 0-1

[Event "34. Abierto Collado Villalba 2017 - B"]
[Site "Collado Villalba ESP"]
[Date "2017.08.22"]
[Round "1.30"]
[White "Carrasco Coquillat, Alvaro"]
[Black "Tudoroiu, Adrian Eugeni"]
[Result "1-0"]
[WhiteElo "1639"]
[BlackElo "1101"]
[PlyCount "37"]
[EventDate "2017.08.22"]
[EventType "swiss"]
[EventRounds "9"]
[EventCountry "ESP"]
[SourceTitle "Ajedrez en Madrid"]
[Source "lmi"]
[SourceDate "2017.08.22"]
[SourceVersion "1"]
[SourceVersionDate "2017.08.31"]
[SourceQuality "1"]

1. d4 Nf6 2. Nf3 g6 3. c4 d6 4. Nc3 Bg7 5. e4 O-O 6. Be2 a5 7. O-O Re8 8. Rb1
Na6 9. Be3 Ng4 10. Bg5 h6 11. Bh4 f5 12. exf5 Bxf5 13. Bd3 e6 14. Bxd8 Raxd8
15. h3 Nf6 16. Nh4 c5 17. d5 Nd7 18. dxe6 Bxd3 19. exd7 1-0

[Event "34. Abierto Collado Villalba 2017 - B"]
[Site "Collado Villalba ESP"]
[Date "2017.08.22"]
[Round "1.31"]
[White "Ramirez Nebot, Eneas"]
[Black "Fernandez Martinez, Luis"]
[Result "0-1"]
[WhiteElo "1097"]
[BlackElo "1634"]
[PlyCount "71"]
[EventDate "2017.08.22"]
[EventType "swiss"]
[EventRounds "9"]
[EventCountry "ESP"]
[SourceTitle "Ajedrez en Madrid"]
[Source "lmi"]
[SourceDate "2017.08.22"]
[SourceVersion "1"]
[SourceVersionDate "2017.08.31"]
[SourceQuality "1"]

1. e4 e5 2. Nf3 Nc6 3. Bb5 a6 4. Ba4 Nf6 5. d3 b5 6. Bb3 h6 7. c3 d6 8. O-O Be7
9. Re1 O-O 10. Nbd2 Bg4 11. h3 Bd7 12. d4 exd4 13. cxd4 Qc8 14. Nf1 Re8 15. Ng3
Nh7 16. a3 Bf6 17. d5 Ne5 18. Nd4 Ng6 19. Ndf5 Nh4 20. Nxh4 Bxh4 21. Nh5 Nf6
22. Nf4 Nxe4 23. Be3 g5 24. Qh5 gxf4 25. Bd4 Bg5 26. h4 Bg4 27. Rxe4 Rxe4 28.
Bc2 Bxh5 29. Bxe4 Bxh4 30. f3 f5 31. Bd3 Bg3 32. b4 Qd7 33. Rc1 Re8 34. Bc3 Re3
35. Rd1 Bf7 36. Bd4 0-1

[Event "34. Abierto Collado Villalba 2017 - B"]
[Site "Collado Villalba ESP"]
[Date "2017.08.23"]
[Round "2.1"]
[White "Sotoca Aguado, Jose"]
[Black "Carrasco Coquillat, Jorge"]
[Result "1-0"]
[WhiteElo "1885"]
[BlackElo "1654"]
[PlyCount "97"]
[EventDate "2017.08.22"]
[EventType "swiss"]
[EventRounds "9"]
[EventCountry "ESP"]
[SourceTitle "Ajedrez en Madrid"]
[Source "lmi"]
[SourceDate "2017.08.22"]
[SourceVersion "1"]
[SourceVersionDate "2017.08.31"]
[SourceQuality "1"]

1. d4 Nf6 2. Nf3 e6 3. Bg5 d5 4. e3 Nbd7 5. Bd3 Be7 6. O-O O-O 7. Nbd2 h6 8.
Bh4 b6 9. Qe2 c5 10. c3 Bb7 11. h3 a6 12. Ne5 Nxe5 13. dxe5 Nd7 14. Bg3 b5 15.
Rad1 f5 16. exf6 Nxf6 17. e4 c4 18. Bc2 Qe8 19. e5 Qh5 20. Qe3 Nd7 21. Nf3 Bc5
22. Nd4 Rae8 23. Kh2 Nb6 24. Bf4 Qf7 25. Bg3 Qh5 26. f4 Re7 27. Be1 Qe8 28. Qg3
Bxd4 29. Rxd4 Nd7 30. Bg6 Qc8 31. f5 exf5 32. Bxf5 Qc6 33. Rg4 Nxe5 34. Rgf4
Ref7 35. Bd2 Rf6 36. Be3 Nf7 37. Bd4 Nd8 38. Bxf6 Rxf6 39. Bc2 Rxf4 40. Qxf4
Qc5 41. Qf5 Qd6+ 42. g3 g6 43. Qxg6+ Qxg6 44. Bxg6 Kg7 45. Be8 Bc8 46. g4 Bb7
47. Kg3 Ne6 48. Rf7+ Kg8 49. Rxb7 1-0

[Event "34. Abierto Collado Villalba 2017 - B"]
[Site "Collado Villalba ESP"]
[Date "2017.08.23"]
[Round "2.2"]
[White "Perez Suchan, Saul Mario"]
[Black "Cuellar Gutierrez, Raul"]
[Result "0-1"]
[WhiteElo "1668"]
[BlackElo "1878"]
[PlyCount "88"]
[EventDate "2017.08.22"]
[EventType "swiss"]
[EventRounds "9"]
[EventCountry "ESP"]
[SourceTitle "Ajedrez en Madrid"]
[Source "lmi"]
[SourceDate "2017.08.22"]
[SourceVersion "1"]
[SourceVersionDate "2017.08.31"]
[SourceQuality "1"]

1. Nf3 Nf6 2. g3 g6 3. Bg2 Bg7 4. O-O O-O 5. c4 c6 6. Nc3 e6 7. e4 d5 8. cxd5
exd5 9. e5 Ng4 10. d4 Na6 11. a3 Nc7 12. Ng5 Nh6 13. f4 Nf5 14. Qd3 Ne7 15. Be3
h6 16. Nf3 Bf5 17. Qd2 Qd7 18. Na4 b6 19. b3 Bh3 20. Rac1 Bxg2 21. Kxg2 Rac8
22. Qb2 Ne6 23. Rfd1 Rfd8 24. h3 Nf5 25. Bf2 Bf8 26. Qd2 Bxa3 27. Rc2 Bf8 28.
g4 Nfg7 29. Bh4 Be7 30. Bxe7 Qxe7 31. Rdc1 c5 32. dxc5 bxc5 33. Kg3 Rc7 34. f5
gxf5 35. Qxh6 f4+ 36. Kh2 Rc6 37. Qf6 Qd7 38. Qh4 Rdc8 39. Qf2 c4 40. Nh4 cxb3
41. Rxc6 Rxc6 42. Rxc6 Qxc6 43. Qxa7 Qc2+ 44. Ng2 f3 0-1

[Event "34. Abierto Collado Villalba 2017 - B"]
[Site "Collado Villalba ESP"]
[Date "2017.08.23"]
[Round "2.3"]
[White "Muñoz Morato, Miguel"]
[Black "Camarero Izquierdo, Juan Carlos"]
[Result "1-0"]
[WhiteElo "1659"]
[BlackElo "1844"]
[PlyCount "63"]
[EventDate "2017.08.22"]
[EventType "swiss"]
[EventRounds "9"]
[EventCountry "ESP"]
[SourceTitle "Ajedrez en Madrid"]
[Source "lmi"]
[SourceDate "2017.08.22"]
[SourceVersion "1"]
[SourceVersionDate "2017.08.31"]
[SourceQuality "1"]

1. c4 e5 2. Nc3 Nf6 3. g3 Bb4 4. Bg2 Bxc3 5. bxc3 O-O 6. d3 Re8 7. e4 d6 8. Ne2
Nbd7 9. O-O Nc5 10. Be3 Ne6 11. f4 Ng4 12. Qd2 Nxe3 13. Qxe3 exf4 14. Nxf4 Qg5
15. Qf3 Qa5 16. Nd5 Ng5 17. Qh5 h6 18. h4 Re5 19. hxg5 Be6 20. Ne7+ Kh8 21. Nf5
Bxf5 22. exf5 Qxc3 23. Qxf7 Qd4+ 24. Kh2 Qe3 25. Rf4 Re7 26. Qg6 Qxd3 27. gxh6
gxh6 28. Rh4 Rg7 29. Rxh6+ Kg8 30. Qe6+ Rf7 31. Bd5 Raf8 32. Qg6# 1-0

[Event "34. Abierto Collado Villalba 2017 - B"]
[Site "Collado Villalba ESP"]
[Date "2017.08.23"]
[Round "2.4"]
[White "Khudov, Oleksandr"]
[Black "Carrasco Coquillat, Alvaro"]
[Result "1-0"]
[WhiteElo "1838"]
[BlackElo "1639"]
[PlyCount "75"]
[EventDate "2017.08.22"]
[EventType "swiss"]
[EventRounds "9"]
[EventCountry "ESP"]
[SourceTitle "Ajedrez en Madrid"]
[Source "lmi"]
[SourceDate "2017.08.22"]
[SourceVersion "1"]
[SourceVersionDate "2017.08.31"]
[SourceQuality "1"]

1. d4 Nf6 2. Bf4 g6 3. Nf3 Bg7 4. e3 O-O 5. Be2 d6 6. h3 Nbd7 7. O-O c5 8. c3
cxd4 9. exd4 Re8 10. Re1 Qc7 11. Bf1 e5 12. dxe5 dxe5 13. Bh2 Qb6 14. Na3 Nh5
15. Nc4 Qe6 16. Ncxe5 Nxe5 17. Nxe5 Bxe5 18. Rxe5 Qd7 19. Bb5 Qxd1+ 20. Rxd1
Rf8 21. Re7 Be6 22. Rxb7 Bxa2 23. Ra1 a6 24. Rxa2 axb5 25. Rxa8 Rxa8 26. Be5 f6
27. Bd4 Nf4 28. Bxf6 Ra1+ 29. Kh2 Rf1 30. Bd4 Ne2 31. Be3 Rb1 32. Rxb5 Nxc3 33.
Rb8+ Kf7 34. Rb7+ Kg8 35. Bd4 Nd1 36. Rg7+ Kf8 37. Rxh7 Nxb2 38. Rb7 1-0

[Event "34. Abierto Collado Villalba 2017 - B"]
[Site "Collado Villalba ESP"]
[Date "2017.08.23"]
[Round "2.5"]
[White "Barranco Martinez, Gabriel"]
[Black "Herrero Corada, Jose Ignacio"]
[Result "1-0"]
[WhiteElo "1640"]
[BlackElo "1828"]
[PlyCount "93"]
[EventDate "2017.08.22"]
[EventType "swiss"]
[EventRounds "9"]
[EventCountry "ESP"]
[SourceTitle "Ajedrez en Madrid"]
[Source "lmi"]
[SourceDate "2017.08.22"]
[SourceVersion "1"]
[SourceVersionDate "2017.08.31"]
[SourceQuality "1"]

1. e4 c6 2. Nf3 d5 3. d4 dxe4 4. Ng5 Nf6 5. Nc3 Bf5 6. f3 exf3 7. Nxf3 e6 8. a3
Be7 9. Bd3 Bg4 10. Be3 Nd5 11. Nxd5 cxd5 12. O-O O-O 13. Qd2 Nd7 14. h3 Bh5 15.
Rf2 Bg6 16. Bxg6 hxg6 17. Raf1 Nb6 18. Qd3 Nc4 19. Bc1 Bf6 20. b3 Nd6 21. Bf4
Ne4 22. Re2 Rc8 23. c4 Re8 24. c5 g5 25. Be5 Bxe5 26. Nxe5 f6 27. Qf3 Qc7 28.
Ng6 Ng3 29. Ref2 Nxf1 30. Rxf1 Kf7 31. Qh5 b6 32. Ne5+ Ke7 33. Qg6 Kd8 34. Nf7+
Kd7 35. Qxg7 Re7 36. Qxf6 Kc6 37. Ne5+ Kb7 38. c6+ Ka8 39. b4 b5 40. Nd7 Qd8
41. Ne5 Re8 42. Qf7 Qe7 43. Qg6 Rf8 44. Rc1 Qf6 45. Qh7 Qf2+ 46. Kh1 Qxd4 47.
Qb7# 1-0

[Event "34. Abierto Collado Villalba 2017 - B"]
[Site "Collado Villalba ESP"]
[Date "2017.08.23"]
[Round "2.6"]
[White "Santos Garay-Cordovil, Salvador"]
[Black "Melcon Diez, Enrique"]
[Result "0-1"]
[WhiteElo "1825"]
[BlackElo "1634"]
[PlyCount "64"]
[EventDate "2017.08.22"]
[EventType "swiss"]
[EventRounds "9"]
[EventCountry "ESP"]
[SourceTitle "Ajedrez en Madrid"]
[Source "lmi"]
[SourceDate "2017.08.22"]
[SourceVersion "1"]
[SourceVersionDate "2017.08.31"]
[SourceQuality "1"]

1. d4 Nf6 2. c4 c5 3. d5 b5 4. cxb5 a6 5. e3 axb5 6. Bxb5 Bb7 7. Nc3 Qa5 8. Bd2
Qb6 9. Qb3 e6 10. e4 Nxe4 11. Nxe4 Bxd5 12. Qd3 f5 13. Ng3 Bxg2 14. N1e2 Bxh1
15. Nxh1 Be7 16. Bc3 O-O 17. Bxd7 Rd8 18. Qg3 Bf8 19. Nf4 Rxd7 20. Nh5 Qb7 21.
Nf6+ Kh8 22. Nxd7 Qxh1+ 23. Ke2 Qe4+ 24. Kf1 Nxd7 25. Rd1 Rxa2 26. f3 Qc6 27.
Bxg7+ Bxg7 28. Rxd7 Qb5+ 29. Ke1 Ra1+ 30. Rd1 Qb4+ 31. Ke2 Qxb2+ 32. Rd2 Qe5+
0-1

[Event "34. Abierto Collado Villalba 2017 - B"]
[Site "Collado Villalba ESP"]
[Date "2017.08.23"]
[Round "2.7"]
[White "Sanz Toledano, Alfonso"]
[Black "Galan Aguado, Fernando"]
[Result "1-0"]
[WhiteElo "1818"]
[BlackElo "1618"]
[PlyCount "79"]
[EventDate "2017.08.22"]
[EventType "swiss"]
[EventRounds "9"]
[EventCountry "ESP"]
[SourceTitle "Ajedrez en Madrid"]
[Source "lmi"]
[SourceDate "2017.08.22"]
[SourceVersion "1"]
[SourceVersionDate "2017.08.31"]
[SourceQuality "1"]

1. b4 e6 2. Bb2 Nf6 3. b5 b6 4. Nf3 Bb7 5. e3 d5 6. c4 Bd6 7. Be2 O-O 8. O-O
Nbd7 9. d4 Ne4 10. Nc3 f5 11. cxd5 exd5 12. Qb3 Ndf6 13. Ba3 Kh8 14. Bxd6 Qxd6
15. a4 g5 16. Qa3 Nxc3 17. Qxc3 Ne4 18. Qa3 Qe6 19. Ne5 c5 20. bxc6 Bxc6 21.
Qb2 Rfc8 22. Rfc1 Be8 23. Ba6 Rxc1+ 24. Qxc1 Qd6 25. a5 b5 26. Bxb5 Kg7 27. Rb1
Nf6 28. Bxe8 Rxe8 29. Rb7+ Re7 30. Qc8 f4 31. exf4 gxf4 32. a6 Ne8 33. Qxe8
Rxb7 34. axb7 Qb4 35. Qf7+ Kh6 36. Qf6+ Kh5 37. Qf5+ Kh6 38. Qxf4+ Kg7 39. Qg5+
Kf8 40. b8=Q+ 1-0

[Event "34. Abierto Collado Villalba 2017 - B"]
[Site "Collado Villalba ESP"]
[Date "2017.08.23"]
[Round "2.8"]
[White "Fernandez Martinez, Luis"]
[Black "Bon Ibañez, Alejandro"]
[Result "1/2-1/2"]
[WhiteElo "1634"]
[BlackElo "1804"]
[PlyCount "73"]
[EventDate "2017.08.22"]
[EventType "swiss"]
[EventRounds "9"]
[EventCountry "ESP"]
[SourceTitle "Ajedrez en Madrid"]
[Source "lmi"]
[SourceDate "2017.08.22"]
[SourceVersion "1"]
[SourceVersionDate "2017.08.31"]
[SourceQuality "1"]

1. e4 e5 2. Nc3 Nf6 3. Bc4 Bb4 4. Nge2 O-O 5. a3 Ba5 6. O-O a6 7. d3 h6 8. f4
Bb6+ 9. Kh1 exf4 10. Nxf4 d6 11. Ncd5 Nbd7 12. Nxb6 Nxb6 13. Ba2 Bg4 14. Qe1 d5
15. h3 Be6 16. e5 Nh7 17. Bd2 Qd7 18. Qg3 c6 19. Nh5 g6 20. Bxh6 Rfe8 21. Nf6+
Nxf6 22. Rxf6 Bf5 23. Rf1 Kh7 24. Be3 Nc8 25. d4 Rh8 26. Rf4 Ne7 27. Qg5 Kg7
28. h4 Rh5 29. Qg3 Rah8 30. Kg1 Ng8 31. Rd6 Qe7 32. Bf2 Nh6 33. c4 Be4 34. Rdf6
Nf5 35. Qg4 Nh6 36. Qg3 Nf5 37. Qg4 1/2-1/2

[Event "34. Abierto Collado Villalba 2017 - B"]
[Site "Collado Villalba ESP"]
[Date "2017.08.23"]
[Round "2.9"]
[White "Benito Alba, Eladio"]
[Black "Gamboa Ondono, Jesus"]
[Result "1/2-1/2"]
[WhiteElo "1619"]
[BlackElo "1772"]
[PlyCount "53"]
[EventDate "2017.08.22"]
[EventType "swiss"]
[EventRounds "9"]
[EventCountry "ESP"]
[SourceTitle "Ajedrez en Madrid"]
[Source "lmi"]
[SourceDate "2017.08.22"]
[SourceVersion "1"]
[SourceVersionDate "2017.08.31"]
[SourceQuality "1"]

1. d4 Nf6 2. c4 e6 3. Nc3 d5 4. Bg5 Be7 5. e3 b6 6. Nf3 Bb7 7. cxd5 exd5 8. Bd3
O-O 9. O-O Nbd7 10. Qc2 Ne4 11. Bxe7 Qxe7 12. Rac1 c5 13. b3 Rac8 14. Qb2 a6
15. Ne2 f5 16. Ne1 Nd6 17. Nf3 c4 18. Bb1 g5 19. Ne5 b5 20. f4 g4 21. Ng3 Qe6
22. Rfe1 Nf6 23. Re2 Nfe4 24. Bxe4 Nxe4 25. Nxe4 fxe4 26. g3 Bc6 27. a3 1/2-1/2